| 000 | 00800nam a2200265 a 4500 | ||
|---|---|---|---|
| 001 | 000009725 | ||
| 003 | DO-SdBNP | ||
| 005 | 20240314191553.0 | ||
| 007 | ta | ||
| 008 | 240312s2009 dr 000 p spa d | ||
| 020 | _a9789993456612 | ||
| 040 |
_aDO-SdBNP _bspa _cBNPHU _erda |
||
| 082 |
_bE244 _222 |
||
| 245 | 1 | 0 |
_aEducación ciudadana : _btercer grado del nivel medio |
| 246 |
_aEducación ciudadana : _b3 er grado del nivel medio |
||
| 264 |
_aSanto Domingo : _bGrupo Editorial Norma, _c2009 |
||
| 300 |
_a102 paginas : _bilustraciones ; _c28 cm. |
||
| 336 |
_2rdacontent _atexto _btxt |
||
| 337 |
_2rdamedia _asin mediación _bn |
||
| 338 |
_2rdacarrier _avolumen _bnc |
||
| 590 | _aInventariado, 2024/DG | ||
| 700 | 1 |
_aMilton Ray Guevara _d1948- _978143 |
|
| 910 | _aDG | ||
| 942 |
_2ddc _cLBS1 |
||
| 999 |
_c56078 _d56078 |
||